UBT Library

Mechanical drawing : (Record no. 1184)

000 -LEADER
fixed length control field 00483nam a22001697a 4500
008 - FIXED-LENGTH DATA ELEMENTS--GENERAL INFORMATION
fixed length control field 150925b xxu||||| |||| 00| 0 eng d
020 ## - INTERNATIONAL STANDARD BOOK NUMBER
International Standard Book Number 0078251001
041 0# - LANGUAGE CODE
Language code of text/sound track or separate title eng
080 ## - UNIVERSAL DECIMAL CLASSIFICATION NUMBER
Universal Decimal Classification number 744.3
245 00 - TITLE STATEMENT
Title Mechanical drawing :
Statement of responsibility, etc Thomas E. French ... [et al.].
250 ## -
-- 13th ed.
260 ## -
-- New York :
-- Gregg Division, McGraw-Hill,
300 ## -
-- 864 f.:
-- me il.;
-- 27 cm.
650 #0 -
-- Vizatim mekanik
700 1# -
-- French, Thomas Ewing,
942 ## - ADDED ENTRY ELEMENTS (KOHA)
Source of classification or shelving scheme
Item type Books

No items available.

UBT Library © 2015-2024. All rights reserved University Education for Business and Technology